| 000 | 00000nas 2200000za 4500 |
| 001 | 9.839780 |
| 003 | CaOODSP |
| 005 | 20250905133632 |
| 007 | cr ||||||||||| |
| 008 | 170717c20169999qucar pso f0 a0eng|d |
| 020 | |z978-0-660-05816-0 |
| 022 | |a2561-0163 |
| 040 | |aCaOODSP|beng |
| 043 | |an-cn--- |
| 086 | 1 |aEm17-2E-PDF|zEm20-35/2016E-PDF |
| 110 | 1 |aCanada. |bEmployment and Social Development Canada. |
| 222 | 0|aDepartmental evaluation plan |b(Canada. Employment and Soical Development Canada. Strategic and Service Policy Branch) |
| 245 | 10|aDepartmental evaluation plan |h[electronic resource] / |cEmployment and Social Development Canada. |
| 260 | |a[Gatineau, QC] : |bEmployment and Social Development Canada, |cc2016- |
| 310 | |aAnnual |
| 362 | 1 |aBegan with: 2016-17 to 2020-21. |
| 500 | |aIssued also in French under title: Plan d’évaluation ministériel. |
| 500 | |aEach issue has a distinct title. |
| 692 | 07|2gccst|aAssessment |
| 692 | 07|2gccst|aGovernment services |
| 692 | 07|2gccst|aFederal programs |
| 692 | 07|2gccst|aFederal departments |
| 775 | 08|tPlan d’évaluation ministériel |w(CaOODSP)9.839784 |